Bad Company (Record no. 25039)
[ view plain ]
| 000 -LEADER | |
|---|---|
| fixed length control field | 01822ngm a2200397 4500 |
| 003 - CONTROL NUMBER IDENTIFIER | |
| control field | dpl |
| 005 - DATE AND TIME OF LATEST TRANSACTION | |
| control field | 20090312110426.0 |
| 007 - PHYSICAL DESCRIPTION FIXED FIELD--GENERAL INFORMATION | |
| fixed length control field | DVD |
| 008 - FIXED-LENGTH DATA ELEMENTS--GENERAL INFORMATION | |
| fixed length control field | ||||||sp199 xxu|||||c|||| 00| 0 eng d |
| 010 ## - LIBRARY OF CONGRESS CONTROL NUMBER | |
| LC control number | DVD-001704-1706 |
| 024 ## - OTHER STANDARD IDENTIFIER | |
| Standard number or code | BVI 2003 |
| Terms of availability | 299.00 |
| 035 ## - SYSTEM CONTROL NUMBER | |
| System control number | DVD-001704-1706 |
| 040 ## - CATALOGING SOURCE | |
| Original cataloging agency | DPL |
| Transcribing agency | DPL |
| 082 ## - DEWEY DECIMAL CLASSIFICATION NUMBER | |
| Classification number | DVD / BADC |
| 245 ## - TITLE STATEMENT | |
| Title | Bad Company |
| Statement of responsibility, etc | Touchsoft Pictures Presents |
| Medium | [videorecording] DVD/ |
| 260 ## - PUBLICATION, DISTRIBUTION, ETC. (IMPRINT) | |
| Name of publisher, distributor, etc | Excel Home Video |
| 300 ## - PHYSICAL DESCRIPTION | |
| Extent | 2 videodisc VCD; |
| Other physical details | sd., col. ; |
| Dimensions | 4 3/4 in. |
| Type of unit | VCD |
| 440 ## - SERIES STATEMENT/ADDED ENTRY--TITLE | |
| Title | Excel Home Video |
| 500 ## - GENERAL NOTE | |
| General note | Academy Award Winner Anthony Hopkins and the irrepressible Chris Rock star in this spy action thriller that will have you on the edge of your seat. |
| 500 ## - GENERAL NOTE | |
| General note | This DVD is Copy Protected |
| 538 ## - SYSTEM DETAILS NOTE | |
| System details note | Dolby Digital 5.1-English Subtitles: English,Thai, |
| 538 ## - SYSTEM DETAILS NOTE | |
| System details note | Aspect Ratio: 2.35:1, Presentation type: Wide Screen, Presentation Size 16x9 Format DVD 9 Dual Layer Single Sided Disc. |
| 650 ## - SUBJECT ADDED ENTRY--TOPICAL TERM | |
| Topical term or geographic name as entry element | Motion Picture |
| 700 ## - ADDED ENTRY--PERSONAL NAME | |
| Personal name | Hopkins, Anthony |
| 700 ## - ADDED ENTRY--PERSONAL NAME | |
| Personal name | Rock, Chris |
| 700 ## - ADDED ENTRY--PERSONAL NAME | |
| Personal name | Machat, Gabbiel |
| 700 ## - ADDED ENTRY--PERSONAL NAME | |
| Personal name | Thomas, Victoria |
| 700 ## - ADDED ENTRY--PERSONAL NAME | |
| Personal name | Nelson, Kathy |
| 700 ## - ADDED ENTRY--PERSONAL NAME | |
| Personal name | Badami, Bob |
| 700 ## - ADDED ENTRY--PERSONAL NAME | |
| Personal name | Rabin, Trevor |
| 942 ## - ADDED ENTRY ELEMENTS (KOHA) | |
| Koha item type | CD-ROMs, DVDs, VHS |
| Source of classification or shelving scheme | Dewey Decimal Classification |
| Classification part | DVD |
| Call number suffix | BADC |
| Withdrawn status | Lost status | Source of classification or shelving scheme | Damaged status | Not for loan | Home library | Current library | Date acquired | Source of acquisition | Cost, normal purchase price | Total Checkouts | Full call number | Barcode | Date last seen | Date checked out | Copy number | Cost, replacement price | Price effective from | Koha item type | Total Renewals |
|---|---|---|---|---|---|---|---|---|---|---|---|---|---|---|---|---|---|---|---|
| Dewey Decimal Classification | Central Library | Central Library | 12/03/2009 | Purdhase | 299.00 | 17 | DVD BADC | DVD-001704 | 03/09/2013 | 19/08/2013 | 1 | 299.00 | 12/03/2009 | CD-ROMs, DVDs, VHS | |||||
| Dewey Decimal Classification | Patel Nagar | Patel Nagar | 12/03/2009 | Purdhase | 299.00 | 9 | DVD BADC | DVD-001706 | 13/10/2010 | 01/10/2010 | 1 | 299.00 | 12/03/2009 | CD-ROMs, DVDs, VHS | |||||
| Dewey Decimal Classification | Sarojini Nagar | Sarojini Nagar | 12/03/2009 | Purdhase | 299.00 | 18 | DVD BADC | DVD-001705 | 08/03/2013 | 08/03/2013 | 1 | 299.00 | 12/03/2009 | CD-ROMs, DVDs, VHS | 1 |
